000 01183cab a2200409 4500
001 WB3309-14
008 090401t1997 xxu||||| |||| 00| 0 eng d
035 _a(Sirsi) u59752
041 _aeng
245 _a2.5bn ECU for UK industrial areas
260 _c1997
350 _a0
490 _aThe week in Europe
_v(WE/08/97) 27 February 1997 (1)
520 _aEU funding of 2.5bn ECU will go to 10 areas in the UK in industrial decline following approval in principle by the Commission of programmes worth 6.2bn ECU for Objective 2 regions.
650 _aCHESHIRE
650 _aEAST LONDON
650 _aEASTERN SCOTLAND
650 _aEUROPE COMMISSION
650 _aFURNESS
650 _aGIBRALTAR
650 _aGREATER MANCHESTER
650 _aHUMBERSIDE
650 _aINDUSTRIAL AREAS
650 _aLANCASHIRE
650 _aLEE VALLEY
650 _aNORTH-EAST ENGLAND
650 _aOBJECTIVE 2 AREAS
650 _aSOUTH WALES
650 _aSTRUCTURAL FUNDS
650 _aWEST CUMBRIA
650 _aWEST MIDLANDS
650 _aWESTERN SCOTLAND
650 _aYORKSHIRE
690 _aECONOMIC AND SOCIAL
942 _n0
948 _c04/03/1997
999 _c36720
_d36720